ACO basic training course in systematic curriculum development / (Record no. 14982)

000 -LEADER
fixed length control field 00917nam a2200241 a 4500
040 ## - CATALOGING SOURCE
Transcribing agency DLC
082 00 - DEWEY DECIMAL CLASSIFICATION NUMBER
Classification number 375 ACO 1983 A072 Or.
245 00 - TITLE STATEMENT
Title ACO basic training course in systematic curriculum development /
260 ## - PUBLICATION, DISTRIBUTION, ETC. (IMPRINT)
Place of publication Nairobi, Kenya :
Name of publisher ACO/GTZ Course Team,
Year of publication 1983-
300 ## - PHYSICAL DESCRIPTION
Number of Pages v. <1-3 > ;
Dimensions 30 cm.
500 ## - GENERAL NOTE
General note "Organised and run on behalf of ACO by Kenya Institute of Education (KIE), the University of Nairobi, and the German Agency for Technical Co-operation (GTZ)"--Cover.
650 #0 - SUBJECT ADDED ENTRY--TOPICAL TERM
Topical Term Curriculum planning
650 #0 - SUBJECT ADDED ENTRY--TOPICAL TERM
Topical Term Curriculum evaluation
650 #0 - SUBJECT ADDED ENTRY--TOPICAL TERM
Topical Term Audio-visual materials
700 1# - ADDED ENTRY--PERSONAL NAME
Personal name Dioh, Sylvester N.
700 1# - ADDED ENTRY--PERSONAL NAME
Personal name Quansah, Kofi B.
700 1# - ADDED ENTRY--PERSONAL NAME
Personal name Sachsenmeier, Peter.
710 2# - ADDED ENTRY--CORPORATE NAME
Corporate name or jurisdiction name as entry element African Curriculum Organization.
710 2# - ADDED ENTRY--CORPORATE NAME
Corporate name or jurisdiction name as entry element Kenya Institute of Education.
710 2# - ADDED ENTRY--CORPORATE NAME
Corporate name or jurisdiction name as entry element University of Nairobi.
710 2# - ADDED ENTRY--CORPORATE NAME
Corporate name or jurisdiction name as entry element Deutsche Gesellschaft für Technische Zusammenarbeit.
942 ## - ADDED ENTRY ELEMENTS (KOHA)
Koha item type សៀវភៅភាសាអង់គ្លេស
952 ## - LOCATION AND ITEM INFORMATION (KOHA)
Withdrawn status [LOCAL, KOHA] 0
Holdings
Permanent Location Date acquired Koha item type Lost status Shelving location Barcode Current Location Full call number
Library Block A2017-11-01សៀវភៅភាសាអង់គ្លេស A072A06921Library Block A375 ACO 1983 A072 Co.
មជ្ឈមណ្ឌលឯការនៃសាកលវិទ្យាល័យភូមិន្ទកសិកម្មចំការដូង

Powered by Koha